[Event "International Championship of Central S"]
[Site "Paracin"]
[Date "2012.07.13"]
[Round "9.1"]
[White "Pap, Gyula"]
[Black "Atalik, Suat"]
[Result "1/2-1/2"]
[WhiteElo "2566"]
[BlackElo "2599"]
[PlyCount "41"]
[EventDate "2012.??.??"]

1. d4 Nf6 2. c4 g6 3. Nc3 d5 4. Bg5 Ne4 5. h4 c5 6. cxd5 Nxc3 7. bxc3 Qxd5 8.
e3 Nc6 9. Qf3 Qf5 10. Bc4 cxd4 11. Qxf5 Bxf5 12. cxd4 f6 13. Bf4 e5 14. dxe5
Bb4+ 15. Ke2 Bc3 16. Rc1 Bb2 17. Rd1 Bxe5 18. Bxe5 Nxe5 19. Bb3 Ke7 20. Nh3 Bd7
21. Rd4 1/2-1/2

[Event "International Championship of Central S"]
[Site "Paracin"]
[Date "2012.07.13"]
[Round "9.2"]
[White "Kovacevic, Aleksandar"]
[Black "Ulibin, Mikhail"]
[Result "1/2-1/2"]
[WhiteElo "2537"]
[BlackElo "2531"]
[PlyCount "41"]
[EventDate "2012.??.??"]

1. e4 e6 2. d4 d5 3. Nc3 Nf6 4. Bg5 Be7 5. e5 Nfd7 6. Bxe7 Qxe7 7. f4 O-O 8.
Nf3 c5 9. Qd2 Nc6 10. dxc5 Nxc5 11. Qe3 a6 12. a3 Rd8 13. Rd1 b5 14. Be2 Bb7
15. O-O Rac8 16. Rfe1 h6 17. Nd4 Nxd4 18. Rxd4 Ne4 19. Nxe4 dxe4 20. Rxd8+ Rxd8
21. Rd1 1/2-1/2

[Event "International Championship of Central S"]
[Site "Paracin"]
[Date "2012.07.13"]
[Round "9.4"]
[White "Bogosavljevic, Boban"]
[Black "Nestorovic, Dejan"]
[Result "0-1"]
[WhiteElo "2520"]
[BlackElo "2404"]
[PlyCount "80"]
[EventDate "2012.??.??"]

1. Nf3 Nc6 2. d4 d5 3. g3 Bg4 4. Bg2 Qd7 5. c4 Bxf3 6. Bxf3 dxc4 7. Nc3 e5 8.
d5 Nd4 9. Bg2 Bb4 10. e3 Nb5 11. O-O Bxc3 12. bxc3 Nf6 13. Qe2 Nd6 14. e4 O-O
15. f4 Rfe8 16. fxe5 Rxe5 17. Bf4 Rae8 18. Bxe5 Rxe5 19. Qf2 b6 20. Qd4 Qe7 21.
Rf4 h5 22. h4 Nfxe4 23. Re1 f5 24. Bf1 b5 25. Re3 a5 26. a4 bxa4 27. Bxc4 a3
28. Ba2 Kh7 29. c4 g6 30. Rf1 Nf7 31. Rb1 Nd2 32. d6 cxd6 33. Rxe5 Nxe5 34. Qd5
Nxb1 35. c5 dxc5 36. Qg8+ Kh6 37. Qh8+ Qh7 38. Qxe5 Qg7 39. Qxc5 Nc3 40. Bb3
Qd4+ 0-1

[Event "International Championship of Central S"]
[Site "Paracin"]
[Date "2012.07.13"]
[Round "9.7"]
[White "Nestorovic, Nikola"]
[Black "Lajthajm, Borko"]
[Result "1/2-1/2"]
[WhiteElo "2436"]
[BlackElo "2492"]
[PlyCount "113"]
[EventDate "2012.??.??"]

1. e4 c5 2. Nf3 e6 3. c4 Nc6 4. Nc3 Nf6 5. Be2 a6 6. O-O Qc7 7. d4 cxd4 8. Nxd4
Nxd4 9. Qxd4 Bc5 10. Qd3 b6 11. a3 Qe5 12. Rd1 a5 13. Be3 Bb7 14. Bf3 Bc6 15.
Rab1 a4 16. Nd5 Bxe3 17. Nxf6+ gxf6 18. Qxe3 Qc5 19. Qc3 Ke7 20. Rd2 Ra7 21.
Re1 e5 22. Re3 b5 23. cxb5 Qxc3 24. Rxc3 Bxb5 25. Bg4 Bc6 26. Bf5 Rb7 27. Kf1
h6 28. Ke1 Rhb8 29. Rcc2 Rb3 30. Kd1 R8b6 31. Kc1 Rb7 32. Rc5 Bb5 33. Rdc2 Bf1
34. g3 Bd3 35. R2c3 Ba6 36. Rxb3 Rxb3 37. Bg4 Rb6 38. Bd1 Bb5 39. f4 Rc6 40.
Rxc6 Bxc6 41. Bc2 Kd6 42. Kd2 Kc5 43. Kc3 d6 44. h4 exf4 45. gxf4 f5 46. exf5
f6 47. b4+ axb3 48. Bxb3 d5 49. Bc2 d4+ 50. Kd2 Kc4 51. a4 Bd7 52. a5 Kb5 53.
Be4 Bc8 54. a6 Kxa6 55. Kd3 Kb6 56. Kxd4 Kc7 57. Kc5 1/2-1/2

[Event "International Championship of Central Se"]
[Site "Paracin, hotel "]
[Date "2012.07.13"]
[Round "9.9"]
[White "Cvitan, Ognjen"]
[Black "Selbes, Tarik"]
[Result "1/2-1/2"]
[WhiteElo "2538"]
[BlackElo "2257"]
[PlyCount "60"]
[EventDate "2012.07.06"]

1. d4 Nf6 2. Nf3 g6 3. Bf4 Bg7 4. e3 d6 5. h3 O-O 6. Be2 c5 7. c3 Nc6 8. O-O
cxd4 9. exd4 Nh5 10. Be3 e5 11. dxe5 dxe5 12. Qxd8 Rxd8 13. Na3 h6 14. Bc4 Nf4
15. Rfd1 Bf5 16. Bxf4 exf4 17. Nh4 Be4 18. f3 Bf6 19. fxe4 Bxh4 20. Bd5 Ne5 21.
Nb5 Rd7 22. Nd4 Re8 23. a4 Ree7 24. Kf1 Bf6 25. Nf3 Nxf3 26. gxf3 Kg7 27. Ke2
Re5 28. Bb3 Rxd1 29. Rxd1 Re7 30. Bd5 Be5 1/2-1/2

[Event "International Championship of Central Se"]
[Site "Paracin, hotel "]
[Date "2012.07.13"]
[Round "9.10"]
[White "Nestorovic, Lazar"]
[Black "Drenchev, Petar"]
[Result "1/2-1/2"]
[WhiteElo "2381"]
[BlackElo "2506"]
[PlyCount "79"]
[EventDate "2012.07.06"]

1. Nf3 c5 2. g3 g6 3. Bg2 Bg7 4. d3 Nc6 5. c4 e5 6. Nc3 Nge7 7. O-O O-O 8. Bd2
d6 9. Ne1 Be6 10. Nd5 Rb8 11. Rb1 b5 12. Nc2 f5 13. b4 bxc4 14. dxc4 e4 15. f3
cxb4 16. fxe4 a5 17. Nce3 fxe4 18. Bxe4 Qd7 19. Qa4 Qa7 20. Kg2 Qd4 21. Qc2
Rxf1 22. Rxf1 Rf8 23. Rxf8+ Kxf8 24. Nc7 Bd7 25. Ned5 Ne5 26. Nxe7 Kxe7 27.
Bg5+ Kf8 28. Bd5 Qg4 29. Qd2 h6 30. Bd8 Nf7 31. Bxf7 Kxf7 32. Qd5+ Kf8 33. Kf2
a4 34. Qxd6+ Kg8 35. Qxb4 Bc6 36. Qd6 Qf5+ 37. Kg1 Qb1+ 38. Kf2 Qf5+ 39. Kg1
Qb1+ 40. Kf2 1/2-1/2

[Event "International Championship of Central Se"]
[Site "Paracin, hotel "]
[Date "2012.07.13"]
[Round "9.11"]
[White "Kholopov, Alexander A"]
[Black "Bogdanovski, Vlatko"]
[Result "0-1"]
[WhiteElo "2289"]
[BlackElo "2454"]
[Annotator "Milojevic,Boban"]
[PlyCount "63"]
[EventDate "2012.07.06"]

1. d4 Nf6 2. c4 e6 3. Nc3 Bb4 4. Qc2 d6 5. Bg5 Nbd7 6. e3 O-O 7. Bd3 h6 8. Bh4
e5 9. Nge2 exd4 10. exd4 d5 11. c5 Bxc3+ 12. Qxc3 Re8 13. O-O Nf8 14. f3 Ne6
15. b4 c6 16. a4 Ng5 17. Nf4 Nd7 18. Kh1 Nf8 19. Rae1 Rxe1 20. Qxe1 Bd7 21. Bg3
g6 22. h3 Qf6 23. Ne2 Re8 24. Be5 Qe7 25. Kh2 Nfe6 26. b5 Nxc5 27. Bc2 Nce6 28.
Qa5 cxb5 29. axb5 b6 30. Qa2 Qb4 31. Rd1 Qxb5 32. Bd3 {... necitko} 0-1

[Event "International Championship of Central Se"]
[Site "Paracin, hotel "]
[Date "2012.07.13"]
[Round "9.12"]
[White "Martinovic, Slobodan"]
[Black "Stojanovski, Dejan"]
[Result "1/2-1/2"]
[WhiteElo "2447"]
[BlackElo "2430"]
[PlyCount "40"]
[EventDate "2012.07.06"]

1. e4 c5 2. Nf3 Nc6 3. d4 cxd4 4. Nxd4 g6 5. c4 Nf6 6. Nc3 d6 7. Be2 Nxd4 8.
Qxd4 Bg7 9. Be3 O-O 10. Qd2 Be6 11. Rc1 Qa5 12. f3 Rfc8 13. b3 a6 14. Nd5 Qxd2+
15. Kxd2 Nxd5 16. cxd5 Bd7 17. Rxc8+ Rxc8 18. Rc1 Rxc1 19. Kxc1 Kf8 20. Kd2 Ke8
1/2-1/2

[Event "International Championship of Central Se"]
[Site "Paracin, hotel "]
[Date "2012.07.13"]
[Round "9.13"]
[White "Del Rio De Angelis, Salvador G"]
[Black "Skovgaard, Peter"]
[Result "1/2-1/2"]
[WhiteElo "2547"]
[BlackElo "2306"]
[PlyCount "57"]
[EventDate "2012.07.06"]

1. d4 Nf6 2. c4 e6 3. Nc3 Bb4 4. e3 O-O 5. Bd3 d5 6. Nf3 c5 7. O-O dxc4 8. Bxc4
Nbd7 9. a3 Ba5 10. Bd3 a6 11. Ne4 Nxe4 12. Bxe4 Nf6 13. Bd3 cxd4 14. exd4 b5
15. a4 Bb7 16. axb5 axb5 17. Bxb5 Bb6 18. Rxa8 Qxa8 19. Be2 Qa7 20. Be3 Ng4 21.
Bf4 Rd8 22. Qa1 Bxf3 23. Bxf3 Rxd4 24. Qxa7 Bxa7 25. Bg3 h5 26. h3 Nf6 27. Ra1
Bb6 28. Ra6 Rb4 29. Be5 1/2-1/2

[Event "International Championship of Central Se"]
[Site "Paracin, hotel "]
[Date "2012.07.13"]
[Round "9.14"]
[White "Zlatanovic, Boroljub"]
[Black "Ratkovic, Milovan"]
[Result "1/2-1/2"]
[WhiteElo "2428"]
[BlackElo "2214"]
[PlyCount "156"]
[EventDate "2012.07.06"]

1. Nc3 d5 2. e4 c6 3. d4 dxe4 4. Nxe4 Nf6 5. Nxf6+ gxf6 6. Qd3 Na6 7. Bd2 Qb6
8. O-O-O Bg4 9. Be2 Bxe2 10. Nxe2 e6 11. Rhe1 Nc7 12. Qf3 Be7 13. Qh5 Qb5 14.
Qxb5 cxb5 15. Nf4 O-O-O 16. c3 Nd5 17. Kc2 Nxf4 18. Bxf4 Rd5 19. Rd3 Rg8 20.
Rg3 Rg6 21. Kd3 Rf5 22. Ke4 Kd7 23. Ra1 Bd6 24. Bxd6 Kxd6 25. Ke3 Rh5 26. h3
Rxg3+ 27. fxg3 Rg5 28. g4 h5 29. Kf4 hxg4 30. hxg4 a6 31. Rh1 Rg8 32. Rh5 Rc8
33. a3 b6 34. g5 fxg5+ 35. Rxg5 Rh8 36. Ke3 Rh1 37. Kd3 Rf1 38. Re5 f6 39. Re3
Kd5 40. Rf3 Rg1 41. Rf2 a5 42. Kc2 Kc4 43. b3+ Kd5 44. Rd2 Ra1 45. Kb2 Re1 46.
a4 bxa4 47. c4+ Kd6 48. bxa4 Re3 49. Rf2 Rd3 50. Rf4 Rd2+ 51. Kc3 Rxg2 52. Rxf6
Rg3+ 53. Kc2 Ke7 54. Rf1 Ra3 55. Rb1 Rxa4 56. Kc3 Ra3+ 57. Kc2 Ra2+ 58. Kd3
Ra3+ 59. Ke4 Rc3 60. Rxb6 Rxc4 61. Ke5 Rc1 62. Rb7+ Kd8 63. Ra7 Rc6 64. Rxa5
Rb6 65. Ra8+ Ke7 66. Ra7+ Kd8 67. Rh7 Ra6 68. Rf7 Rb6 69. Rg7 Ra6 70. Rh7 Rb6
71. Rf7 Ra6 72. Rf6 Ra5+ 73. Kxe6 Ra6+ 74. Ke5 Rxf6 75. Kxf6 Kd7 76. Ke5 Ke7
77. d5 Kd7 78. d6 Kd8 1/2-1/2

[Event "International Championship of Central Se"]
[Site "Paracin, hotel "]
[Date "2012.07.13"]
[Round "9.15"]
[White "Doric, Nenad"]
[Black "Kadric, Denis"]
[Result "1/2-1/2"]
[WhiteElo "2330"]
[BlackElo "2420"]
[PlyCount "48"]
[EventDate "2012.07.06"]

1. Nf3 Nf6 2. c4 g6 3. Nc3 Bg7 4. e4 d6 5. d4 O-O 6. Be3 e5 7. dxe5 dxe5 8.
Qxd8 Rxd8 9. Nd5 Nxd5 10. cxd5 c6 11. Bc4 b5 12. Bb3 Bb7 13. Rc1 a5 14. a3 Ra6
15. dxc6 Bxc6 16. Ke2 a4 17. Ba2 Bf6 18. Rhd1 Rxd1 19. Kxd1 Kg7 20. Nd2 Nd7 21.
f3 Bd8 22. Ke2 Bb7 23. Nb1 Rd6 24. Nc3 Ba6 1/2-1/2

[Event "International Championship of Central Se"]
[Site "Paracin, hotel "]
[Date "2012.07.13"]
[Round "9.17"]
[White "Mladenovic, Stefan"]
[Black "Irizanin, Radoje"]
[Result "1/2-1/2"]
[WhiteElo "2236"]
[BlackElo "2344"]
[PlyCount "83"]
[EventDate "2012.07.06"]

1. d4 Nf6 2. Nf3 e6 3. c4 b6 4. g3 Ba6 5. Qc2 Bb7 6. Bg2 c5 7. d5 exd5 8. Nh4
Nc6 9. Bg5 d4 10. O-O Be7 11. Nf5 O-O 12. Nd2 Nb4 13. Qb1 Bxg2 14. Kxg2 Re8 15.
Nf3 Bf8 16. h4 h6 17. Rh1 d5 18. a3 Nc6 19. Bxf6 Qxf6 20. cxd5 Ne7 21. Nxe7+
Qxe7 22. Qf5 g6 23. Qf4 Rad8 24. Rae1 Qe4 25. Qc7 Qxd5 26. Qxa7 Re6 27. Qa6 c4
28. a4 Bg7 29. b3 c3 30. Qd3 Qxb3 31. e3 Red6 32. exd4 Bxd4 33. Nxd4 Rxd4 34.
Qf3 Rxa4 35. Re3 Rc4 36. h5 g5 37. Qf6 Rcc8 38. Re5 Kh7 39. Re7 Qd5+ 40. Kh2
Kg8 41. Rd1 Qa2 42. Ra1 1/2-1/2

[Event "International Championship of Central Se"]
[Site "Paracin, hotel "]
[Date "2012.07.13"]
[Round "9.18"]
[White "Ardeleanu, Alin"]
[Black "Dimitrijevic, Radmilo"]
[Result "1/2-1/2"]
[WhiteElo "2335"]
[BlackElo "2236"]
[PlyCount "40"]
[EventDate "2012.07.06"]

1. e4 c5 2. Nf3 e6 3. d4 cxd4 4. Nxd4 Nc6 5. Nxc6 bxc6 6. Bd3 Nf6 7. Nd2 d6 8.
O-O Be7 9. b3 O-O 10. Bb2 e5 11. Nc4 Be6 12. Ne3 Nd7 13. a4 Nc5 14. Ba3 d5 15.
exd5 cxd5 16. Nf5 Bxf5 17. Bxf5 g6 18. Bg4 f5 19. Be2 Rc8 20. Bb5 Kg7 1/2-1/2

[Event "International Championship of Central Se"]
[Site "Paracin, hotel "]
[Date "2012.07.13"]
[Round "9.20"]
[White "Ratkovic, Miloje"]
[Black "Abramovic, Bosko"]
[Result "0-1"]
[WhiteElo "2176"]
[BlackElo "2470"]
[PlyCount "126"]
[EventDate "2012.07.06"]

1. d4 d5 2. Nf3 Nf6 3. e3 Bg4 4. h3 Bh5 5. Bd3 e6 6. O-O Nbd7 7. Nbd2 Bd6 8. e4
dxe4 9. Nxe4 Nxe4 10. Bxe4 c6 11. Qe2 Nf6 12. c3 Bc7 13. Re1 Qd6 14. g3 Nxe4
15. Qxe4 Qd5 16. Qxd5 cxd5 17. Ne5 f6 18. Nd3 Bf7 19. Nc5 O-O-O 20. Nd3 g5 21.
Be3 b6 22. Kg2 Kd7 23. Rh1 Bg6 24. Rad1 h5 25. f3 Bd6 26. Nf2 a5 27. Rhe1 Bf5
28. c4 Rc8 29. cxd5 exd5 30. Rc1 Rxc1 31. Rxc1 Re8 32. Nd1 b5 33. Bf2 b4 34.
Ne3 Be6 35. g4 h4 36. Rc2 Rb8 37. Re2 b3 38. axb3 Rxb3 39. Nd1 a4 40. Re3 Rb4
41. Ra3 Rc4 42. Rc3 Bb4 43. Rxc4 dxc4 44. d5 Bxd5 45. Bd4 Ke7 46. Ne3 Be6 47.
Nd1 a3 48. bxa3 Bxa3 49. Nc3 Kf7 50. Ne4 Be7 51. f4 Bd5 52. Kf3 Bd6 53. fxg5
fxg5 54. Be3 Kg6 55. Bd2 Bc7 56. Bc3 Bf4 57. Bd4 Kf7 58. Bc3 Ke6 59. Bd4 Kd7
60. Bc3 Kc6 61. Bf6 Kb5 62. Bg7 Kb4 63. Bf6 Kb3 0-1

[Event "International Championship of Central Se"]
[Site "Paracin, hotel "]
[Date "2012.07.13"]
[Round "9.21"]
[White "Brankovic, Dejan"]
[Black "Matsenko, Andrei"]
[Result "1/2-1/2"]
[WhiteElo "2349"]
[BlackElo "2163"]
[PlyCount "39"]
[EventDate "2012.07.06"]

1. e4 c6 2. d4 d5 3. Nc3 dxe4 4. Nxe4 Bf5 5. Ng3 Bg6 6. Nf3 Nd7 7. h4 h6 8. h5
Bh7 9. Bd3 Bxd3 10. Qxd3 e6 11. Bf4 Qa5+ 12. Bd2 Bb4 13. c3 Be7 14. c4 Qc7 15.
O-O-O Ngf6 16. Kb1 O-O 17. Rhe1 Rfe8 18. Ne5 Nxe5 19. dxe5 Rad8 20. Qe2 1/2-1/2

[Event "International Championship of Central Se"]
[Site "Paracin, hotel "]
[Date "2012.07.13"]
[Round "9.26"]
[White "Martic, Zlatko"]
[Black "Miladinovic, Lena"]
[Result "1/2-1/2"]
[WhiteElo "2356"]
[BlackElo "2078"]
[PlyCount "150"]
[EventDate "2012.07.06"]

1. d4 Nf6 2. Nf3 e6 3. c4 Bb4+ 4. Bd2 Qe7 5. g3 Nc6 6. Bg2 Bxd2+ 7. Nbxd2 d6 8.
O-O a5 9. h3 O-O 10. a3 e5 11. d5 Nb8 12. e4 Na6 13. b4 Bd7 14. Qb3 axb4 15.
axb4 c6 16. Rfc1 cxd5 17. cxd5 Bb5 18. Bf1 Bxf1 19. Kxf1 Rac8 20. Ne1 h5 21.
Nd3 Qd7 22. Kg2 Rxc1 23. Rxc1 Rc8 24. Rxc8+ Qxc8 25. b5 Nb8 26. Nb2 Nbd7 27.
Nbc4 Nc5 28. Qe3 Ncxe4 29. Nxe4 Qxc4 30. Nxf6+ gxf6 31. Qf3 Qxb5 32. Kh2 Kg7
33. Qxh5 Qc4 34. Qf3 b5 35. h4 b4 36. h5 b3 37. h6+ Kg6 38. h7 Kxh7 39. Qxf6
Qc7 40. Qh4+ Kg7 41. Qg4+ Kf8 42. Qb4 Qc5 43. Qxb3 Qxf2+ 44. Kh3 Qf5+ 45. Kh2
Kg7 46. Qb4 Qg6 47. Qb7 e4 48. Kg2 Qf6 49. Qd7 Qf3+ 50. Kh2 Qh5+ 51. Kg2 Qxd5
52. Qg4+ Kf6 53. Qh4+ Ke6 54. Qd8 e3+ 55. Kh3 Qf5+ 56. Kg2 Qf2+ 57. Kh3 Ke5 58.
Qe7+ Kd5 59. Qb7+ Kd4 60. Qa7+ Ke4 61. Qe7+ Kd5 62. Qb7+ Kc4 63. Qc6+ Kd3 64.
Qd5+ Kc2 65. Qa2+ Kd3 66. Qd5+ Ke2 67. Qb5+ Ke1 68. Qb1+ Kd2 69. Qb4+ Kc2 70.
Qc4+ Kd1 71. Qb3+ Kc1 72. Qc3+ Kd1 73. Qb3+ Qc2 74. Qxe3 Qf5+ 75. Kh4 Qg6
1/2-1/2

[Event "International Championship of Central Se"]
[Site "Paracin, hotel "]
[Date "2012.07.13"]
[Round "9.27"]
[White "Nikolic, Dragovan"]
[Black "Zajic, Milan"]
[Result "1/2-1/2"]
[WhiteElo "2261"]
[BlackElo "2151"]
[PlyCount "40"]
[EventDate "2012.07.06"]

1. d4 d5 2. Nc3 Nc6 3. Nb1 Nb8 4. Nf3 Nf6 5. Ng1 Ng8 6. Nd2 Nd7 7. Ndf3 Ndf6 8.
Ne5 Ne4 9. Nd3 Nd6 10. Nc5 Nc4 11. Na4 Na5 12. Nc3 Nc6 13. Nb1 Nb8 14. Nh3 Nh6
15. Ng5 Ng4 16. Nf3 Nf6 17. Ng1 Ng8 18. Nc3 Nc6 19. Nf3 Nf6 20. e3 e6 1/2-1/2

[Event "International Championship of Central Se"]
[Site "Paracin, hotel "]
[Date "2012.07.13"]
[Round "9.28"]
[White "Vucinic, Gojko"]
[Black "Cvetanovic, Uros"]
[Result "1/2-1/2"]
[WhiteElo "2150"]
[BlackElo "2225"]
[PlyCount "100"]
[EventDate "2012.07.06"]

1. e4 c5 2. Nf3 d6 3. d4 cxd4 4. Nxd4 Nf6 5. Nc3 Nc6 6. Bg5 Qa5 7. Bb5 Bd7 8.
Nb3 Qd8 9. Qe2 e6 10. O-O-O Qc7 11. f4 h6 12. Bxf6 gxf6 13. Qh5 a6 14. Bxc6
bxc6 15. f5 e5 16. Rd3 a5 17. Rhd1 Bc8 18. Qh4 Be7 19. Rxd6 Bxd6 20. Qxf6 Rg8
21. Rxd6 Qe7 22. g3 Qxf6 23. Rxf6 Bd7 24. Rxh6 Ke7 25. Kd2 Rh8 26. Rxh8 Rxh8
27. h4 Rg8 28. Ne2 f6 29. Nxa5 Be8 30. Ke3 Kd6 31. Kf2 Bf7 32. a3 Bh5 33. Nc1
Kc5 34. Ncb3+ Kb5 35. Nb7 Bd1 36. Nd6+ Ka6 37. Nc5+ Ka7 38. c3 Rd8 39. Nf7 Rf8
40. Nd6 Rd8 41. Nc4 Bh5 42. Nb3 Rd1 43. Nba5 Ka6 44. Nxc6 Kb5 45. N4xe5 Rd2+
46. Ke3 Re2+ 47. Kf4 Rf2+ 48. Ke3 Re2+ 49. Kd4 Rd2+ 50. Ke3 Re2+ 1/2-1/2

[Event "International Championship of Central Se"]
[Site "Paracin, hotel "]
[Date "2012.07.13"]
[Round "9.29"]
[White "Colovic, Zoran"]
[Black "Desnica, Vladan"]
[Result "0-1"]
[WhiteElo "2129"]
[BlackElo "2225"]
[PlyCount "68"]
[EventDate "2012.07.06"]

1. e4 e5 2. Nf3 Nc6 3. Bc4 Nf6 4. Ng5 d5 5. exd5 Na5 6. Bb5+ c6 7. dxc6 bxc6 8.
Bf1 h6 9. Nh3 Bc5 10. d3 O-O 11. c3 Nb7 12. Nd2 Re8 13. Qe2 Bg4 14. f3 Bxh3 15.
gxh3 Nd5 16. Ne4 Qh4+ 17. Kd1 Bb6 18. Kc2 Rad8 19. Bd2 f5 20. Ng3 Qf6 21. Rd1
Qf7 22. Qe1 Nf4 23. b3 Nc5 24. Bc1 a5 25. Ba3 a4 26. Bxc5 Bxc5 27. Ne2 Nd5 28.
Rb1 Ne3+ 29. Kd2 axb3 30. axb3 Rxd3+ 31. Kxd3 Qd5+ 32. Nd4 exd4 33. b4 Qc4+ 34.
Kd2 Qxc3+ 0-1

[Event "International Championship of Central Se"]
[Site "Paracin, hotel "]
[Date "2012.07.13"]
[Round "9.30"]
[White "Kacakovski, Dimitar"]
[Black "Blazeka, Matej"]
[Result "0-1"]
[WhiteElo "2122"]
[BlackElo "2216"]
[PlyCount "50"]
[EventDate "2012.07.06"]

1. e4 e5 2. Nf3 Nc6 3. Bc4 Bc5 4. b4 Bxb4 5. c3 Bd6 6. d4 Nf6 7. O-O O-O 8.
Nbd2 h6 9. a4 Re8 10. Re1 b6 11. h3 Bb7 12. Bd3 exd4 13. cxd4 Nb4 14. Bb1 Bf8
15. e5 Nfd5 16. Ne4 d6 17. Ra3 c5 18. Nfg5 dxe5 19. Nxf7 Kxf7 20. Qh5+ g6 21.
Ng5+ Qxg5 22. Qxg5 hxg5 23. dxe5 Nc6 24. e6+ Rxe6 25. Rxe6 Kxe6 0-1

[Event "International Championship of Central Se"]
[Site "Paracin, hotel "]
[Date "2012.07.13"]
[Round "9.32"]
[White "Kalinic, Dusan"]
[Black "Marjanovic, Dejan"]
[Result "0-1"]
[WhiteElo "2082"]
[BlackElo "2169"]
[PlyCount "104"]
[EventDate "2012.07.06"]

1. e4 c5 2. c3 d5 3. exd5 Qxd5 4. d4 Nf6 5. Nf3 e6 6. Nbd2 cxd4 7. Bc4 Qd6 8.
Nxd4 a6 9. Qe2 Be7 10. N2f3 O-O 11. O-O b5 12. Bb3 Bb7 13. Bg5 Nc6 14. Rad1
Nxd4 15. Nxd4 Nd5 16. Bxe7 Qxe7 17. Qe5 Rad8 18. Rfe1 Qh4 19. Re4 Qh6 20. Rg4
Qf6 21. Qg3 e5 22. Ne2 Ne7 23. f3 Rxd1+ 24. Bxd1 Rd8 25. Bb3 a5 26. Qe1 h5 27.
Rh4 g6 28. Bc2 Qg5 29. Be4 Bd5 30. f4 exf4 31. Rxf4 Bxa2 32. h4 Qe5 33. Qg3 Bd5
34. Qf3 Nf5 35. Rxf5 gxf5 36. Qxh5 Rd6 37. Bxf5 Kf8 38. Nd4 Qe3+ 39. Kf1 Qc1+
40. Kf2 Qd2+ 41. Ne2 Rh6 42. Qg5 Qxg5 43. hxg5 Rh5 44. Nd4 Rh2 45. Bh3 Rh1 46.
Nxb5 Rb1 47. b4 a4 48. Ke3 Bc6 49. Na3 Rb3 50. Nc4 a3 51. Na5 Rxc3+ 52. Kd4 a2
0-1

[Event "International Championship of Central Se"]
[Site "Paracin, hotel "]
[Date "2012.07.13"]
[Round "9.33"]
[White "Livaja, Mario"]
[Black "Persson, Richard"]
[Result "1/2-1/2"]
[WhiteElo "2277"]
[BlackElo "2193"]
[PlyCount "162"]
[EventDate "2012.07.06"]

1. d4 Nf6 2. Nf3 c5 3. c3 d5 4. h3 Qb6 5. e3 Bf5 6. dxc5 Qxc5 7. Be2 h6 8. O-O
Nbd7 9. b4 Qc7 10. Bb2 e6 11. Nbd2 Be7 12. Qb3 O-O 13. c4 a5 14. a3 axb4 15.
axb4 dxc4 16. Nxc4 Nd5 17. Nd4 Bxb4 18. Nxf5 exf5 19. Bf3 Nc5 20. Qc2 Ne4 21.
Bxe4 fxe4 22. Qxe4 Nc3 23. Bxc3 Bxc3 24. Rab1 Ra4 25. Rxb7 Qxc4 26. Qf3 Qe4 27.
Qxe4 Rxe4 28. Rc1 Rc8 29. g3 Rec4 30. Kg2 g6 31. Rd1 R4c7 32. Rb5 Kg7 33. h4 h5
34. Rb6 Bf6 35. Rdd6 Be7 36. Rd3 Rd8 37. Rdb3 Bf6 38. R6b4 Rc2 39. Rb1 Rdd2 40.
Rf1 Re2 41. Kf3 Bc3 42. Rc4 Bf6 43. Rb4 Rb2 44. Re4 Rec2 45. Kg2 Bd8 46. Kf3
Bc7 47. Re7 Kf6 48. Re4 Be5 49. Ra4 Ra2 50. Rb4 Ke6 51. Rb6+ Bd6 52. Kg2 f6 53.
Kf3 Rd2 54. Rb5 Rdb2 55. Rxb2 Rxb2 56. Ra1 g5 57. hxg5 fxg5 58. Rh1 g4+ 59. Kg2
Rb5 60. Rc1 Be7 61. Rc4 Rb4 62. Rc6+ Kf5 63. Rc7 Bf6 64. Rc5+ Kg6 65. Rc6 Rb5
66. Ra6 Kg5 67. Rc6 Rf5 68. Ra6 h4 69. gxh4+ Kxh4 70. Ra7 Kh5 71. Rh7+ Kg6 72.
Rh1 Rf3 73. Rh2 Bg5 74. Rh1 Kf5 75. Rh5 Kg6 76. Rh1 Bf6 77. Rh2 Be5 78. Rh1 Rf5
79. Rb1 Rh5 80. f4 Bf6 81. Kg3 Rh3+ 1/2-1/2

[Event "International Championship of Central Se"]
[Site "Paracin, hotel "]
[Date "2012.07.13"]
[Round "9.34"]
[White "Iliev, Dimitar"]
[Black "Milovanovic, Srboljub"]
[Result "1/2-1/2"]
[WhiteElo "2137"]
[BlackElo "2217"]
[PlyCount "44"]
[EventDate "2012.07.06"]

1. e4 c5 2. Nf3 Nc6 3. d4 cxd4 4. Nxd4 Nf6 5. Nc3 d6 6. g3 g6 7. Bg2 Bd7 8.
Nxc6 Bxc6 9. O-O Bg7 10. Re1 O-O 11. e5 dxe5 12. Rxe5 Ne4 13. Rxe4 Bxc3 14. Bh6
Bxb2 15. Rb4 Bg7 16. Bxg7 Kxg7 17. Bxc6 bxc6 18. Rd4 Qc8 19. Qf3 Qe6 20. Qc3
Qf6 21. Re1 Rfd8 22. Rc4 Rd6 1/2-1/2

[Event "International Championship of Central Se"]
[Site "Paracin, hotel "]
[Date "2012.07.13"]
[Round "9.35"]
[White "Bejatovic, Bojana"]
[Black "Jovanovic, Aleksandar D"]
[Result "0-1"]
[WhiteElo "1941"]
[BlackElo "2200"]
[PlyCount "128"]
[EventDate "2012.07.06"]

1. Nf3 d6 2. d4 Bg4 3. e3 Nd7 4. Bd3 e5 5. h3 Bh5 6. O-O Ngf6 7. Nbd2 Be7 8. c4
O-O 9. b3 Re8 10. Bb2 Bf8 11. dxe5 dxe5 12. e4 Nc5 13. Bc2 Nfd7 14. Re1 Qf6 15.
Re3 Rad8 16. Nf1 Ne6 17. Ng3 Bg6 18. Qe1 Bc5 19. Rd3 Nf4 20. Rdd1 Nxh3+ 21.
gxh3 Qxf3 22. Rd3 Qf6 23. Rad1 Nf8 24. Rxd8 Rxd8 25. Rxd8 Qxd8 26. Bxe5 Qg5 27.
Qc3 Ne6 28. b4 Be7 29. c5 Qc1+ 30. Kh2 Ng5 31. Bxg7 Qf4 32. Bd4 Bf6 33. Kg2
Nxe4 34. Qe3 Qxe3 35. Bxe3 Nxg3 36. Bxg6 hxg6 37. Kxg3 c6 38. Bd2 Bd4 39. f3 f5
40. Kf4 Kf7 41. Be1 Bf6 42. h4 Ke6 43. a3 a6 44. a4 Bd8 45. Bf2 Kd5 46. a5 Kc4
47. Be1 Kd3 48. h5 gxh5 49. Kxf5 Ke2 50. Bg3 Kxf3 51. Bd6 h4 52. Ke6 h3 53. Kd7
Bh4 54. Kc7 Bg3 55. Kxb7 h2 56. Kxa6 h1=Q 57. Bxg3 Kxg3 58. Kb6 Qb1 59. Kxc6
Qxb4 60. a6 Qa5 61. Kb7 Qb5+ 62. Kc7 Qxc5+ 63. Kb7 Qb5+ 64. Ka7 Kf4 0-1

[Event "International Championship of Central Se"]
[Site "Paracin, hotel "]
[Date "2012.07.13"]
[Round "9.36"]
[White "Thestrup, Sixten"]
[Black "Smirnov, Boris"]
[Result "1/2-1/2"]
[WhiteElo "2036"]
[BlackElo "2143"]
[PlyCount "125"]
[EventDate "2012.07.06"]

1. c4 c5 2. g3 Nc6 3. Bg2 d6 4. Nc3 g6 5. a3 Bg7 6. Rb1 a5 7. d3 e6 8. Nh3 Nge7
9. Nf4 O-O 10. O-O Rb8 11. Bd2 b6 12. Nb5 Bb7 13. b4 axb4 14. axb4 Nd4 15. Bxb7
Nxb5 16. Bg2 Nc3 17. Bxc3 Bxc3 18. bxc5 dxc5 19. e3 Qd6 20. Qc2 Be5 21. Ne2 Nc6
22. Rfd1 h5 23. Qa4 Rfc8 24. Qa6 Qc7 25. d4 cxd4 26. exd4 Bd6 27. d5 exd5 28.
cxd5 Ne5 29. Nd4 Ng4 30. h3 Nf6 31. Nc6 Rb7 32. Rdc1 Kg7 33. Bf3 g5 34. Qa1 Qd7
35. g4 Re8 36. Nd4 Be5 37. d6 Ra7 38. Qb2 Kg8 39. Bc6 Qxd6 40. Nf5 Bxb2 41.
Nxd6 Re2 42. Bf3 Rd2 43. Rc8+ Kg7 44. Nc4 Rd3 45. Be2 Rxh3 46. Rxb2 Ra1+ 47.
Kg2 Rah1 48. gxh5 Nd5 49. h6+ Rxh6 50. Bg4 R6h4 51. Nd6 Kf6 52. Kf3 Ra1 53.
Ne4+ Kg7 54. Rb3 f5 55. Ng3 fxg4+ 56. Ke4 Nf6+ 57. Kf5 Ra5+ 58. Ke6 Kg6 59. Rf8
Re5+ 60. Kxe5 Nd7+ 61. Ke4 Nc5+ 62. Ke5 Nd7+ 63. Ke4 1/2-1/2

[Event "International Championship of Central Se"]
[Site "Paracin, hotel "]
[Date "2012.07.13"]
[Round "9.38"]
[White "Rubil, Marko"]
[Black "Zarkovic, Mila"]
[Result "1-0"]
[WhiteElo "2205"]
[BlackElo "1996"]
[PlyCount "59"]
[EventDate "2012.07.06"]

1. e4 c5 2. Nf3 d6 3. d4 cxd4 4. Nxd4 e6 5. Nc3 a6 6. g4 Nc6 7. Bg2 Nge7 8. Be3
Nxd4 9. Qxd4 Nc6 10. Qd2 Ne5 11. Qe2 Qc7 12. O-O Be7 13. f4 Nc4 14. Bd4 O-O 15.
b3 Na5 16. Na4 b5 17. Nb6 Rb8 18. Qf2 Bb7 19. c4 Bc6 20. Rac1 b4 21. Nd5 exd5
22. cxd5 Qd7 23. dxc6 Nxc6 24. Bb2 Rbc8 25. Qe2 a5 26. Kh1 Rfe8 27. g5 Bf8 28.
Qh5 Qa7 29. Rf3 g6 30. Qxh7+ 1-0